Water : A manual for engineers, architects, planners and managers/ (Record no. 2248)

000 -LEADER
fixed length control field 00416nam a22001337a 4500
008 - FIXED-LENGTH DATA ELEMENTS--GENERAL INFORMATION
fixed length control field 200218b ||||| |||| 00| 0 eng d
020 ## - INTERNATIONAL STANDARD BOOK NUMBER
International Standard Book Number 8170353734
100 ## - MAIN ENTRY--PERSONAL NAME
9 (RLIN) 1834
Personal name Jain, Ashok Kumar
245 10 - TITLE STATEMENT
Title Water : A manual for engineers, architects, planners and managers/
260 ## - PUBLICATION, DISTRIBUTION, ETC. (IMPRINT)
Place of publication, distribution, etc Delhi
Name of publisher, distributor, etc Daya Publishing House
Date of publication, distribution, etc 2007
300 ## - PHYSICAL DESCRIPTION
Extent viii,612p.
650 #0 - SUBJECT ADDED ENTRY--TOPICAL TERM
Topical term or geographic name as entry element Water Resource Management
942 ## - ADDED ENTRY ELEMENTS (KOHA)
Item type Books
Holdings
Withdrawn status Lost status Source of classification or shelving scheme Damaged status Not for loan Permanent location Current location Date acquired Source of acquisition Full call number Barcode Date last seen Cost, replacement price Koha item type Cost, normal purchase price
          IMU Kolkata IMU Kolkata 2008-02-24 B. Bross & Co. 363.61 J254 10004 2020-02-18 2500.00 Books  
          IMU Kolkata IMU Kolkata 2020-07-01 12     2020-07-01 2500.00 Books 2500.00
Designed and Maintained by IMU-KC Library, Kolkata Campus © Copyright All Rights Reserved

webs counters

Powered by Koha